Spell the Marvel Character #288 - Statistics

General Stats
  • This quiz has been taken 9 times
  • The average score is 6 of 8
Answer Stats
Picture Answer % Correct
Ironheart
100%
Luna Snow
89%
Ursa Major
89%
Goliath
78%
Guardian
78%
Oya
78%
Rachel Summers
67%
U-Go Girl
67%
No matching quizzes found
Score Distribution
Percent of People with Each Score
Percentile by Number Answered
Your Score History
You have not taken this quiz